Statistiques concernant Les villes les plus peuplées du Poitou-Charentes

Cliquez ici pour prendre le quiz!

Statistiques générales

  • Ce quiz a été pris 654 fois
  • Le résultat moyen est 11 sur 20

Statistiques - réponses

PopulationVille% Correct
83 507Poitiers
98%
76 711La Rochelle
96%
56 661Niort
93%
43 137Angoulême
88%
25 658Saintes
80%
25 775Rochefort
72%
19 525Cognac
71%
17 210Royan
70%
34 792Châtellerault
63%
17 797Bressuire
59%
10 473Parthenay
54%
10 652Thouars
42%
7 678Saint-Jean-d'Angély
41%
7 707Loudun
29%
8 776Buxerolles
24%
7 012Chauvigny
22%
10 180Soyaux
19%
7 751Aytré
17%
7 326Mauléon
12%
7 230Ruelle-sur-Touvre
6%

Distribution des résultats

Percentile par nombre de réponses

% des personnes avec chaque résultat

Votre développement - résultats

Vous n’avez pas pris ce quiz